[Event "Gibtelecom Festival 2010 - Challenger 2"]
[Site "Gibraltar ENG"]
[Date "2010.01.31"]
[Round "1.51"]
[White "Livesey, Nigel"]
[Black "Garcia Magadan, Ramon"]
[Result "0-1"]
[WhiteElo "1894"]
[BlackElo "2035"]
[PlyCount "82"]
[EventDate "2010.01.31"]
[EventType "swiss"]
[EventRounds "5"]
[EventCountry "ENG"]
[Source "lmi"]
[SourceDate "2010.01.31"]

1. c4 e6 2. g3 Nf6 3. Bg2 d5 4. Nf3 Be7 5. cxd5 exd5 6. O-O O-O 7. d3 c6 8. b3
Bg4 9. Ne5 Bh5 10. Bb2 Nbd7 11. Nd2 Bd6 12. Nxd7 Nxd7 13. Nf3 Qe7 14. Qd2 Rfe8
15. Rfe1 Bb4 16. Bc3 Bxc3 17. Qxc3 Qa3 18. Qd4 Bxf3 19. Bxf3 Ne5 20. Bg2 a5 21.
e4 dxe4 22. Rxe4 Ng6 23. h4 Rxe4 24. Bxe4 Qb4 25. Qc4 Ne5 26. Qxb4 axb4 27. d4
Ng4 28. Bf3 Nf6 29. Kf1 Kf8 30. Ke2 Ke7 31. Kd3 Kd6 32. Kc4 Ra5 33. Kxb4 Rf5
34. Bh1 Rxf2 35. a4 Nd5+ 36. Ka3 Rd2 37. Rf1 f6 38. Bxd5 Kxd5 39. Kb4 Rd3 40.
Rf5+ Kxd4 41. Rf4+ Ke5 0-1

[Event "Gibtelecom Festival 2010 - Challenger 2"]
[Site "Gibraltar ENG"]
[Date "2010.02.01"]
[Round "2.1"]
[White "Thingstad, Even"]
[Black "Montero Melendez, Rafael"]
[Result "0-1"]
[WhiteElo "2141"]
[BlackElo "2248"]
[PlyCount "70"]
[EventDate "2010.01.31"]
[EventType "swiss"]
[EventRounds "5"]
[EventCountry "ENG"]
[Source "lmi"]
[SourceDate "2010.01.31"]

1. d4 Nf6 2. c4 e6 3. Nc3 Bb4 4. Qc2 O-O 5. a3 Bxc3+ 6. Qxc3 b5 7. cxb5 c6 8.
Bg5 cxb5 9. e3 h6 10. Bh4 Bb7 11. f3 g5 12. Bf2 Nd5 13. Qd2 f5 14. Bd3 Nc6 15.
Rd1 Na5 16. Bxb5 Qb6 17. Bd3 Nb3 18. Qe2 Rac8 19. h4 Qa5+ 20. Kf1 Nc1 21. Qe1
Qxe1+ 22. Kxe1 Nxd3+ 23. Rxd3 Ba6 24. Rd2 Rc1+ 25. Rd1 Rc2 26. Rd2 Rfc8 27.
hxg5 f4 28. e4 Ne3 29. Rxc2 Rxc2 30. Rxh6 Nxg2+ 31. Kd1 Rxf2 32. Nh3 Rxf3 33.
g6 Rg3 34. Rh7 Bb5 35. Nf2 Ne3+ 0-1

[Event "Gibtelecom Festival 2010 - Challenger 2"]
[Site "Gibraltar ENG"]
[Date "2010.02.01"]
[Round "2.2"]
[White "Avalos Parra, Joao"]
[Black "Aerni, Andi"]
[Result "1-0"]
[WhiteElo "2245"]
[BlackElo "2137"]
[PlyCount "79"]
[EventDate "2010.01.31"]
[EventType "swiss"]
[EventRounds "5"]
[EventCountry "ENG"]
[Source "lmi"]
[SourceDate "2010.01.31"]

1. d4 d5 2. c4 dxc4 3. e4 e5 4. Nf3 exd4 5. Bxc4 Bb4+ 6. Nbd2 Qe7 7. O-O Nc6 8.
a3 Bxd2 9. Qxd2 Nf6 10. e5 Nd7 11. Bb5 O-O 12. Bxc6 bxc6 13. Qxd4 h6 14. Bd2
Re8 15. Rfe1 c5 16. Qe4 Rb8 17. Bc3 Bb7 18. Qf4 Qe6 19. Qg3 Bxf3 20. Qxf3 c4
21. Qe3 Nb6 22. a4 a6 23. Qe4 Nd7 24. Qd4 Rb3 25. a5 Rb5 26. f4 Qd5 27. Rad1
Qc5 28. Kh1 Nb8 29. Qe4 Nc6 30. Rd7 Re7 31. e6 Rxe6 32. Qxe6 fxe6 33. Rxe6 Rb8
34. Rxg7+ Kf8 35. Rxh6 Nd4 36. Rd7 Ke8 37. Rxd4 Qf5 38. h3 Rb5 39. Rxc4 Rd5 40.
Rf6 1-0

[Event "Gibtelecom Festival 2010 - Challenger 2"]
[Site "Gibraltar ENG"]
[Date "2010.02.01"]
[Round "2.3"]
[White "Lyell, Mark"]
[Black "Popa-Matei, Viorel-Ovidiu"]
[Result "1-0"]
[WhiteElo "2224"]
[BlackElo "2137"]
[PlyCount "65"]
[EventDate "2010.01.31"]
[EventType "swiss"]
[EventRounds "5"]
[EventCountry "ENG"]
[Source "lmi"]
[SourceDate "2010.01.31"]

1. e4 e5 2. Nf3 Nc6 3. d4 exd4 4. Nxd4 Bc5 5. Be3 Qf6 6. c3 Nge7 7. Qd2 Bxd4 8.
cxd4 d5 9. Nc3 dxe4 10. d5 Ne5 11. Bg5 Qf5 12. Nb5 f6 13. Nxc7+ Kf7 14. Be3 Bd7
15. Nxa8 Rxa8 16. Rc1 Kg6 17. d6 Nd5 18. Be2 Bc6 19. O-O Ng4 20. Bxg4 Qxg4 21.
Rc5 Nxe3 22. fxe3 Rd8 23. Qd1 Qxd1 24. Rxd1 Kf7 25. Rc4 Ke6 26. Rcd4 Kd7 27. b4
Re8 28. a4 a6 29. Rc1 Re5 30. Rc5 Rxc5 31. bxc5 g5 32. h4 h5 33. g4 1-0

[Event "Gibtelecom Festival 2010 - Challenger 2"]
[Site "Gibraltar ENG"]
[Date "2010.02.01"]
[Round "2.4"]
[White "Demac, Elias"]
[Black "Arvola, Benjamin"]
[Result "1-0"]
[WhiteElo "2104"]
[BlackElo "2218"]
[PlyCount "99"]
[EventDate "2010.01.31"]
[EventType "swiss"]
[EventRounds "5"]
[EventCountry "ENG"]
[Source "lmi"]
[SourceDate "2010.01.31"]

1. d4 e6 2. c4 Nf6 3. Nf3 c5 4. d5 exd5 5. cxd5 d6 6. Nc3 g6 7. Bf4 Bg7 8. Qa4+
Nbd7 9. Bxd6 Qb6 10. Nb5 a6 11. e4 axb5 12. Qxa8 Qxd6 13. Qxc8+ Ke7 14. Qxb7
Nxe4 15. Bxb5 Bxb2 16. Bxd7 Rb8 17. Qa7 Bxa1 18. O-O Qxd7 19. Qxb8 Bc3 20. Qb3
Qf5 21. a4 g5 22. d6+ Kxd6 23. Rd1+ Ke7 24. Qb7+ Kf6 25. a5 g4 26. Rd7 Qe6 27.
Rxf7+ Kg6 28. Nh4+ Kg5 29. Rf5+ Kh6 30. Qd5 Qe8 31. Rh5+ Qxh5 32. Qxh5+ Kxh5
33. a6 Kxh4 34. a7 Bd4 35. a8=Q Nxf2 36. Kf1 h6 37. Ke2 Kg5 38. Qd5+ Kg6 39.
Qe6+ Kg5 40. Kd2 h5 41. Qd5+ Kg6 42. Qe6+ Kg5 43. g3 Nh3 44. Kd3 Nf2+ 45. Kc4
Nd1 46. Qg8+ Kf5 47. Qh7+ Kg5 48. Kd5 Bg1 49. Ke6 Bxh2 50. Qg7# 1-0

[Event "Gibtelecom Festival 2010 - Challenger 2"]
[Site "Gibraltar ENG"]
[Date "2010.02.01"]
[Round "2.5"]
[White "Mlynek, Petr"]
[Black "Fokin, Sergey"]
[Result "1/2-1/2"]
[WhiteElo "2218"]
[BlackElo "2109"]
[PlyCount "71"]
[EventDate "2010.01.31"]
[EventType "swiss"]
[EventRounds "5"]
[EventCountry "ENG"]
[Source "lmi"]
[SourceDate "2010.01.31"]

1. d4 Nf6 2. c4 e6 3. g3 c5 4. Nf3 cxd4 5. Nxd4 d5 6. Bg2 e5 7. Nf3 d4 8. O-O
Nc6 9. e3 Bc5 10. exd4 exd4 11. Re1+ Be6 12. Ng5 O-O 13. Nxe6 fxe6 14. Nd2 d3
15. Rf1 Nd4 16. Ne4 Ne2+ 17. Kh1 Nxe4 18. Bxe4 Bxf2 19. Qxd3 Qxd3 20. Bxd3 Nxc1
21. Raxc1 Rad8 22. Rcd1 g6 23. Kg2 Bc5 24. Be4 Rxd1 25. Rxd1 b6 26. Rd2 Rf7 27.
Bf3 Rc7 28. Bg4 Kf7 29. Kf3 Ke7 30. h4 a5 31. b3 Rd7 32. Rxd7+ Kxd7 33. h5 Kd6
34. hxg6 hxg6 35. Kf4 e5+ 36. Kg5 1/2-1/2

[Event "Gibtelecom Festival 2010 - Challenger 2"]
[Site "Gibraltar ENG"]
[Date "2010.02.01"]
[Round "2.6"]
[White "Wheldon, Philip"]
[Black "Kandic, Milan"]
[Result "1/2-1/2"]
[WhiteElo "2103"]
[BlackElo "2216"]
[PlyCount "91"]
[EventDate "2010.01.31"]
[EventType "swiss"]
[EventRounds "5"]
[EventCountry "ENG"]
[Source "lmi"]
[SourceDate "2010.01.31"]

1. e4 d6 2. d4 Nf6 3. Nc3 e5 4. Nf3 Nbd7 5. Bc4 Be7 6. O-O O-O 7. Re1 c6 8.
dxe5 dxe5 9. h3 b5 10. Bb3 Qc7 11. Nh4 Nc5 12. Nf5 Nxb3 13. Nxe7+ Qxe7 14. axb3
Rd8 15. Qf3 h6 16. Be3 Kh8 17. Ra5 a6 18. Rea1 Bb7 19. Ne2 Nh7 20. Ng3 Qf6 21.
Nf5 Ng5 22. Qg4 Ne6 23. b4 Nd4 24. Bxd4 exd4 25. Qe2 Re8 26. Qd3 Rad8 27. f3
Bc8 28. c3 Bxf5 29. exf5 Re3 30. Qd2 Qxf5 31. Rxa6 Rd3 32. Qc2 dxc3 33. bxc3
R8d6 34. Ra8+ Kh7 35. R8a2 g6 36. Rf1 Qg5 37. f4 Qg3 38. f5 gxf5 39. Rxf5 Kg7
40. Rf1 Rd7 41. Qb2 Qe5 42. c4 Qxb2 43. Rxb2 bxc4 44. Rc2 R7d4 45. Rfc1 Rd1+
46. Rxd1 1/2-1/2

[Event "Gibtelecom Festival 2010 - Challenger 2"]
[Site "Gibraltar ENG"]
[Date "2010.02.01"]
[Round "2.7"]
[White "Henriksson, Johan"]
[Black "Fegan, Chris"]
[Result "1-0"]
[WhiteElo "2204"]
[BlackElo "2093"]
[PlyCount "89"]
[EventDate "2010.01.31"]
[EventType "swiss"]
[EventRounds "5"]
[EventCountry "ENG"]
[Source "lmi"]
[SourceDate "2010.01.31"]

1. d4 g6 2. Nf3 Bg7 3. g3 c5 4. Bg2 cxd4 5. Nxd4 d5 6. O-O Nf6 7. c4 e5 8. Nb3
d4 9. e3 d3 10. Nc5 Bg4 11. Nxb7 Qd7 12. Nc5 Bxd1 13. Nxd7 Nbxd7 14. Bxa8 Be2
15. Re1 e4 16. Nd2 Ne5 17. Kg2 h5 18. f4 Nfg4 19. fxe5 Nxe3+ 20. Kf2 Ng4+ 21.
Kg1 Bxe5 22. Bxe4 Bd4+ 23. Kg2 Ne3+ 24. Kh1 Nc2 25. Bxd3 Nxe1 26. Bxe2 h4 27.
g4 Nc2 28. Rb1 O-O 29. Nf3 Re8 30. Bd1 Ne3 31. Ba4 Re4 32. Nxd4 Nxg4 33. Nf3
Re2 34. Bd2 Nf2+ 35. Kg2 Ne4+ 36. Kf1 Rf2+ 37. Ke1 Rxf3 38. Bc6 Nxd2 39. Kxd2
Rf2+ 40. Kc3 Rxh2 41. Rh1 Rf2 42. Rxh4 Kg7 43. c5 f5 44. Bb7 g5 45. Rc4 1-0

[Event "Gibtelecom Festival 2010 - Challenger 2"]
[Site "Gibraltar ENG"]
[Date "2010.02.01"]
[Round "2.8"]
[White "Ivanov, Stojan Emilov"]
[Black "Lumsdon, Andrew"]
[Result "0-1"]
[WhiteElo "2198"]
[BlackElo "2090"]
[PlyCount "70"]
[EventDate "2010.01.31"]
[EventType "swiss"]
[EventRounds "5"]
[EventCountry "ENG"]
[Source "lmi"]
[SourceDate "2010.01.31"]

1. Nf3 Nf6 2. d4 g6 3. c4 c5 4. d5 b5 5. cxb5 a6 6. bxa6 Bxa6 7. Nc3 d6 8. g3
Bg7 9. Bg2 O-O 10. O-O Nbd7 11. Re1 Qb6 12. e4 Ng4 13. Qc2 Rfb8 14. Rb1 Nge5
15. Nxe5 Nxe5 16. Rd1 Qb4 17. Bg5 Ra7 18. b3 Bd3 19. Rxd3 Nxd3 20. Bd2 Qd4 21.
Nd1 Nb4 22. Bxb4 Qxb4 23. Bf1 Ra3 24. Qe2 Rba8 25. Qf3 Rxa2 26. h4 Ra1 27. Rxa1
Rxa1 28. Ne3 Qxb3 29. h5 Bd4 30. hxg6 hxg6 31. Kg2 Bxe3 32. fxe3 Ra3 33. e5
Qxe3 34. Qxe3 Rxe3 35. exd6 exd6 0-1

[Event "Gibtelecom Festival 2010 - Challenger 2"]
[Site "Gibraltar ENG"]
[Date "2010.02.01"]
[Round "2.9"]
[White "Byrn, Carsten"]
[Black "Dasaolu, Adeoye"]
[Result "1/2-1/2"]
[WhiteElo "2171"]
[BlackElo "2068"]
[PlyCount "125"]
[EventDate "2010.01.31"]
[EventType "swiss"]
[EventRounds "5"]
[EventCountry "ENG"]
[Source "lmi"]
[SourceDate "2010.01.31"]

1. d4 Nf6 2. c4 e6 3. Nf3 b6 4. Nc3 Bb7 5. a3 d6 6. Bg5 Be7 7. e3 Nbd7 8. h3
O-O 9. Be2 c5 10. O-O Rc8 11. Qb3 Re8 12. Rfd1 Nh5 13. Bxe7 Qxe7 14. Nd2 cxd4
15. exd4 Nf4 16. Bf3 Nf6 17. Nb5 Bxf3 18. Qxf3 Ng6 19. Nc3 Red8 20. Nce4 Nxe4
21. Qxe4 d5 22. cxd5 Rxd5 23. Nf3 Qc7 24. g3 h6 25. Rd2 Ne7 26. Rad1 a6 27. Ne1
Rdd8 28. Rc2 Qd7 29. Rxc8 Qxc8 30. Nc2 Qc6 31. Qh4 Rd7 32. Ne3 Nd5 33. Qe4 Qc8
34. Nxd5 Rxd5 35. Kg2 g6 36. Rd2 Qc4 37. Rc2 Qb3 38. Rc8+ Kg7 39. Qc2 Qxc2 40.
Rxc2 b5 41. Rd2 Kf6 42. Kf3 Ke7 43. Ke3 Rd7 44. Rc2 Kd6 45. Rc5 Rb7 46. b4 Rb8
47. h4 f6 48. h5 g5 49. g4 Rf8 50. f4 f5 51. fxg5 hxg5 52. a4 fxg4 53. Rxg5
Rf3+ 54. Ke4 bxa4 55. Ra5 a3 56. h6 Rh3 57. h7 Kc6 58. Rxa3 Rxh7 59. Rxa6+ Kb5
60. Ra5+ Kxb4 61. Rg5 Rh1 62. Rxg4 Kc4 63. Ke5 1/2-1/2

[Event "Gibtelecom Festival 2010 - Challenger 2"]
[Site "Gibraltar ENG"]
[Date "2010.02.01"]
[Round "2.9"]
[White "Martinez Rodriguez, Pablo"]
[Black "Pettersen, Joar Gullestad"]
[Result "1-0"]
[WhiteElo "2234"]
[BlackElo "2020"]
[PlyCount "67"]
[EventDate "2010.01.31"]
[EventType "swiss"]
[EventRounds "5"]
[EventCountry "ENG"]
[Source "lmi"]
[SourceDate "2010.01.31"]

1. Nf3 Nf6 2. b3 g6 3. Bb2 Bg7 4. g3 d5 5. Bg2 O-O 6. O-O c5 7. c4 d4 8. e3 Nc6
9. exd4 Nh5 10. Na3 Nxd4 11. Nxd4 cxd4 12. d3 Rb8 13. Re1 Re8 14. b4 e5 15. c5
Be6 16. Nb5 Bd5 17. Bxd5 Qxd5 18. Nc7 Qc6 19. Nxe8 Rxe8 20. Qb3 Qf3 21. Bxd4
Nf4 22. gxf4 Qg4+ 23. Kf1 Qh3+ 24. Ke2 exf4+ 25. Kd2 Rxe1 26. Rxe1 Bxd4 27. Qd5
Bf6 28. Qxb7 Qxh2 29. Qf3 Bd4 30. Kc2 Qxf2+ 31. Qxf2 Bxf2 32. c6 Bb6 33. Re7 f3
34. Kd1 1-0

[Event "Gibtelecom Festival 2010 - Challenger 2"]
[Site "Gibraltar ENG"]
[Date "2010.02.01"]
[Round "2.10"]
[White "Navarro Perez, Manuel"]
[Black "Haarr, Jon Kristian"]
[Result "0-1"]
[WhiteElo "2099"]
[BlackElo "2157"]
[PlyCount "100"]
[EventDate "2010.01.31"]
[EventType "swiss"]
[EventRounds "5"]
[EventCountry "ENG"]
[Source "lmi"]
[SourceDate "2010.01.31"]

1. e4 c5 2. Nc3 e6 3. f4 a6 4. a4 d5 5. e5 Nc6 6. Nf3 h5 7. g3 Nh6 8. Bg2 Nf5
9. O-O Be7 10. d3 g6 11. Ne2 Kf8 12. c3 Kg7 13. Ne1 Bd7 14. Nc2 b5 15. Ne3 Nxe3
16. Bxe3 bxa4 17. Rxa4 Na5 18. Ra2 Rb8 19. Qc2 Rb5 20. Qa4 Rxb2 21. Qxa5 Qxa5
22. Rxa5 Rxe2 23. Bxc5 Bxc5+ 24. Rxc5 Rb8 25. Rf2 Rb1+ 26. Bf1 Ree1 27. Kg2
Rec1 28. c4 Bb5 29. Be2 Rc3 30. Bf1 Rbc1 31. Ra2 dxc4 32. dxc4 Rxf1 33. Kxf1
Rxc4 34. Rxb5 axb5 35. Rb2 Rc5 36. Ke2 Rd5 37. Ke3 Kf8 38. h3 Ke7 39. g4 hxg4
40. hxg4 Kd7 41. Ke4 Kc6 42. Rc2+ Rc5 43. Rd2 b4 44. Rd6+ Kc7 45. Rd3 Kb6 46.
Rb3 Kb5 47. Rd3 Rc4+ 48. Ke3 Rc3 49. Rxc3 bxc3 50. Kd3 Kb4 0-1

[Event "Gibtelecom Festival 2010 - Challenger 2"]
[Site "Gibraltar ENG"]
[Date "2010.02.01"]
[Round "2.11"]
[White "Jayakumar, Adarsh"]
[Black "Daoudi, Kamal"]
[Result "1/2-1/2"]
[WhiteElo "2090"]
[BlackElo "2155"]
[PlyCount "76"]
[EventDate "2010.01.31"]
[EventType "swiss"]
[EventRounds "5"]
[EventCountry "ENG"]
[Source "lmi"]
[SourceDate "2010.01.31"]

1. d4 Nf6 2. c4 e6 3. g3 d5 4. Bg2 Be7 5. Nf3 O-O 6. O-O dxc4 7. Qc2 a6 8. Qxc4
b5 9. Qc2 Bb7 10. Bd2 Ra7 11. a3 Be4 12. Qc1 Nbd7 13. Nc3 Ba8 14. Rd1 c5 15.
Bg5 Qb6 16. Qd2 cxd4 17. Nxd4 Bxg2 18. Kxg2 Nc5 19. Qe3 Ng4 20. Qf4 f5 21. b4
e5 22. Qf3 e4 23. Qf4 Nd3 24. exd3 Bxg5 25. Qxg5 Qxd4 26. Nxe4 fxe4 27. Qxg4
Rxf2+ 28. Kh1 Qb2 29. Qc8+ Kf7 30. Rf1 e3 31. Qh3 Re7 32. Rac1 Qe5 33. Rxf2+
exf2 34. Rf1 Kg8 35. Rxf2 Qd5+ 36. Kg1 Re1+ 37. Rf1 Qd4+ 38. Kh1 Qd5+ 1/2-1/2

[Event "Gibtelecom Festival 2010 - Challenger 2"]
[Site "Gibraltar ENG"]
[Date "2010.02.01"]
[Round "2.12"]
[White "Isherwood, Paul"]
[Black "Tscharotschkin, Michael"]
[Result "1-0"]
[WhiteElo "2017"]
[BlackElo "2211"]
[PlyCount "53"]
[EventDate "2010.01.31"]
[EventType "swiss"]
[EventRounds "5"]
[EventCountry "ENG"]
[Source "lmi"]
[SourceDate "2010.01.31"]

1. d4 d5 2. Nf3 Bf5 3. e3 e6 4. Bd3 Bxd3 5. Qxd3 Nd7 6. Nbd2 Ngf6 7. O-O Be7 8.
e4 dxe4 9. Nxe4 O-O 10. Rd1 c5 11. Nxf6+ Bxf6 12. dxc5 Nxc5 13. Qe2 Qc7 14. c3
Rfd8 15. Be3 Na4 16. Nd4 a6 17. Rac1 Rd7 18. Qc2 Nb6 19. Nf3 Rad8 20. Rxd7 Rxd7
21. c4 Qxc4 22. Qb1 Qb5 23. b3 Nd5 24. Rc5 Nxe3 25. Rxb5 Rd1+ 26. Qxd1 Nxd1 27.
Rxb7 1-0

[Event "Gibtelecom Festival 2010 - Challenger 2"]
[Site "Gibraltar ENG"]
[Date "2010.02.01"]
[Round "2.13"]
[White "Byron, Alan M"]
[Black "Zanetti, Bruno"]
[Result "1-0"]
[WhiteElo "2196"]
[BlackElo "1978"]
[PlyCount "79"]
[EventDate "2010.01.31"]
[EventType "swiss"]
[EventRounds "5"]
[EventCountry "ENG"]
[Source "lmi"]
[SourceDate "2010.01.31"]

1. e4 c5 2. Nf3 Nc6 3. c4 d6 4. d4 cxd4 5. Nxd4 Nf6 6. Nc3 Nxd4 7. Qxd4 g6 8.
Be3 Bg7 9. Be2 O-O 10. Qd2 Qa5 11. O-O Be6 12. f3 Rac8 13. Nd5 Qd8 14. Bxa7
Bxd5 15. cxd5 b6 16. Qb4 Nd7 17. Bb5 Rc7 18. Bxd7 Rxa7 19. Bc6 f5 20. a4 f4 21.
Rac1 Be5 22. Rc4 g5 23. b3 Rf6 24. Bb5 Rc7 25. Rxc7 Qxc7 26. Bc6 g4 27. fxg4
Rg6 28. h3 h5 29. gxh5 Rg5 30. Qc4 Qc8 31. Rf3 Rxh5 32. b4 Qf8 33. Bd7 Qg7 34.
Qc8+ Kh7 35. Bf5+ Kh6 36. Qe6+ Kg5 37. Bg4 Rh8 38. Qf5+ Kh4 39. Rxf4 Bxf4 40.
Qxf4 1-0

[Event "Gibtelecom Festival 2010 - Challenger 2"]
[Site "Gibraltar ENG"]
[Date "2010.02.01"]
[Round "2.14"]
[White "Kawuma, Steven Male"]
[Black "Helin, Mikael"]
[Result "1-0"]
[WhiteElo "2187"]
[BlackElo "1972"]
[PlyCount "79"]
[EventDate "2010.01.31"]
[EventType "swiss"]
[EventRounds "5"]
[EventCountry "ENG"]
[Source "lmi"]
[SourceDate "2010.01.31"]

1. e4 c5 2. Nf3 a6 3. d4 cxd4 4. Nxd4 e6 5. Bd3 Qc7 6. O-O Nf6 7. Qe2 h5 8. h3
Bc5 9. Nb3 Be7 10. e5 Nd5 11. a3 g5 12. c4 Nf4 13. Bxf4 gxf4 14. N1d2 Nc6 15.
Nf3 b6 16. Rfe1 Bb7 17. Kh1 O-O-O 18. c5 b5 19. a4 Nb4 20. axb5 Nxd3 21. Qxd3
axb5 22. Qxb5 Qc6 23. Qe2 f5 24. Na5 Qa6 25. Nc4 Qc6 26. b4 Rhg8 27. Na5 Qe4
28. Nxb7 Qxe2 29. Nd6+ Bxd6 30. Rxe2 Be7 31. Ra7 Kb8 32. Rea2 Rde8 33. Rxd7 Bd8
34. Raa7 Rg6 35. c6 Re7 36. Rxe7 Bxe7 37. Rxe7 Rg8 38. b5 Ka8 39. b6 Kb8 40.
Ra7 1-0

[Event "Gibtelecom Festival 2010 - Challenger 2"]
[Site "Gibraltar ENG"]
[Date "2010.02.01"]
[Round "2.15"]
[White "Nilsen, Joachim Birger"]
[Black "Lundback, Karl"]
[Result "1-0"]
[WhiteElo "2152"]
[BlackElo "1874"]
[PlyCount "73"]
[EventDate "2010.01.31"]
[EventType "swiss"]
[EventRounds "5"]
[EventCountry "ENG"]
[Source "lmi"]
[SourceDate "2010.01.31"]

1. e4 e5 2. Nf3 Nf6 3. Nxe5 d6 4. Nf3 Nxe4 5. d4 d5 6. Bd3 Be7 7. O-O O-O 8. c4
Nf6 9. Ne5 Be6 10. c5 Re8 11. Nc3 c6 12. Rb1 Nbd7 13. b4 Ne4 14. Bb2 Nxc3 15.
Bxc3 Nxe5 16. dxe5 d4 17. Bxd4 Bxa2 18. Ra1 Bd5 19. Bc3 b6 20. Qc2 bxc5 21.
Bxh7+ Kf8 22. bxc5 Bxc5 23. Bb2 Bb6 24. Ba3+ Re7 25. Bxe7+ Qxe7 26. Be4 Qxe5
27. Bxd5 Qxd5 28. Rad1 Bd4 29. Qh7 g6 30. Kh1 a5 31. f4 Ke7 32. Qh4+ Kd7 33. f5
c5 34. fxg6 fxg6 35. Rf6 Qh5 36. Rxd4+ cxd4 37. Qxd4+ 1-0

[Event "Gibtelecom Festival 2010 - Challenger 2"]
[Site "Gibraltar ENG"]
[Date "2010.02.01"]
[Round "2.16"]
[White "Flermoen, Peter"]
[Black "Sigamoney, Cyril S"]
[Result "1-0"]
[WhiteElo "2108"]
[BlackElo "1783"]
[PlyCount "73"]
[EventDate "2010.01.31"]
[EventType "swiss"]
[EventRounds "5"]
[EventCountry "ENG"]
[Source "lmi"]
[SourceDate "2010.01.31"]

1. e4 e6 2. d4 d5 3. Nc3 Nf6 4. e5 Nfd7 5. f4 f5 6. Nf3 Be7 7. Be3 a6 8. Qd2 c5
9. Rg1 h5 10. h3 h4 11. dxc5 Nxc5 12. O-O-O Nc6 13. g3 hxg3 14. Rxg3 Rh7 15.
Qg2 Bf8 16. Be2 Qe7 17. Rg6 Rh6 18. Rg1 Rxg6 19. Qxg6+ Kd8 20. Ng5 Kc7 21. Rd1
Qd7 22. Nh7 Be7 23. Qxg7 b5 24. Bf3 Kb8 25. Bf2 Ra7 26. h4 Qd8 27. Ng5 Bf8 28.
Qh8 Qe7 29. Qh5 Bd7 30. Bg2 Be8 31. Qe2 Bh6 32. Bf3 Rb7 33. Bh5 Ne4 34. Ncxe4
fxe4 35. Qg4 Bd7 36. Nf7 Be8 37. Nxh6 1-0

[Event "Gibtelecom Festival 2010 - Challenger 2"]
[Site "Gibraltar ENG"]
[Date "2010.02.01"]
[Round "2.17"]
[White "Indrebo, Kyrre"]
[Black "Allor, Chukwuka"]
[Result "0-1"]
[WhiteElo "1730"]
[BlackElo "2100"]
[PlyCount "54"]
[EventDate "2010.01.31"]
[EventType "swiss"]
[EventRounds "5"]
[EventCountry "ENG"]
[Source "lmi"]
[SourceDate "2010.01.31"]

1. d4 Nf6 2. c3 g6 3. Bg5 Bg7 4. Nd2 d5 5. e3 O-O 6. Bd3 c5 7. f4 Qb6 8. Rb1
Bd7 9. Qe2 a6 10. Ngf3 Bb5 11. O-O Bxd3 12. Qxd3 Nbd7 13. Ne5 e6 14. h3 Qd6 15.
g4 cxd4 16. exd4 Ne8 17. Rbe1 f6 18. Nxd7 Qxd7 19. Bh4 Nd6 20. Re2 f5 21. gxf5
gxf5 22. Kh2 h6 23. Rg2 Kh7 24. Rfg1 Rg8 25. Qf3 Qf7 26. Rg6 Bh8 27. Qh5 Rxg6
0-1

[Event "Gibtelecom Festival 2010 - Challenger 2"]
[Site "Gibraltar ENG"]
[Date "2010.02.01"]
[Round "2.18"]
[White "Hamer, Martyn"]
[Black "Mascarenhas, Alberto Pinheiro"]
[Result "1/2-1/2"]
[WhiteElo "2039"]
[BlackElo "2238"]
[PlyCount "77"]
[EventDate "2010.01.31"]
[EventType "swiss"]
[EventRounds "5"]
[EventCountry "ENG"]
[Source "lmi"]
[SourceDate "2010.01.31"]

1. e4 c5 2. Nf3 e6 3. d4 cxd4 4. Nxd4 Nf6 5. Nc3 d6 6. Be2 a6 7. a4 Be7 8. O-O
O-O 9. Be3 Nc6 10. f4 Qc7 11. Kh1 Bd7 12. Qd2 Na5 13. Rad1 Rfd8 14. Qe1 d5 15.
e5 Ne4 16. Nxe4 dxe4 17. Qg3 g6 18. b3 Nc6 19. Nxc6 Qxc6 20. c4 Be8 21. Qf2
Rxd1 22. Rxd1 Rd8 23. Kg1 f5 24. exf6 Bxf6 25. Rxd8 Bxd8 26. Bd1 Bf6 27. Bc2
Qd6 28. g3 b5 29. axb5 axb5 30. Qd2 Qxd2 31. Bxd2 Bd4+ 32. Kf1 bxc4 33. bxc4
Bc6 34. Ke2 Kf7 35. Be3 e5 36. fxe5 Bxe5 37. Bc5 Kf6 38. Ke3 Kf5 39. Bd1
1/2-1/2

[Event "Gibtelecom Festival 2010 - Challenger 2"]
[Site "Gibraltar ENG"]
[Date "2010.02.01"]
[Round "2.20"]
[White "Tjolsen, Katrine"]
[Black "Seitz, Benjamin"]
[Result "1-0"]
[WhiteElo "2212"]
[BlackElo "2017"]
[PlyCount "73"]
[EventDate "2010.01.31"]
[EventType "swiss"]
[EventRounds "5"]
[EventCountry "ENG"]
[Source "lmi"]
[SourceDate "2010.01.31"]

1. Nf3 Nc6 2. d4 d5 3. c4 Bg4 4. Nc3 e6 5. Bg5 Be7 6. Bxe7 Ngxe7 7. e3 O-O 8.
Be2 a6 9. cxd5 Nxd5 10. O-O Nxc3 11. bxc3 Qd6 12. Qb1 b6 13. Rd1 Bxf3 14. Bxf3
Rad8 15. a4 a5 16. Qb5 Ne7 17. c4 Qd7 18. Rac1 g6 19. g3 Nc8 20. Qxd7 Rxd7 21.
c5 Ne7 22. Rc2 Rb8 23. Rb1 Kf8 24. Rcb2 Nd5 25. Bxd5 Rxd5 26. Rb5 e5 27. cxb6
c6 28. Rxd5 cxd5 29. dxe5 Ke7 30. Rb5 Ke6 31. f4 Kf5 32. Kf2 Ke4 33. b7 h5 34.
h3 h4 35. gxh4 d4 36. exd4 Kxf4 37. Kg2 1-0

[Event "Gibtelecom Festival 2010 - Challenger 2"]
[Site "Gibraltar ENG"]
[Date "2010.02.01"]
[Round "2.21"]
[White "Marder, Simon"]
[Black "Weeramantry, Sunil"]
[Result "0-1"]
[WhiteElo "1993"]
[BlackElo "2201"]
[PlyCount "70"]
[EventDate "2010.01.31"]
[EventType "swiss"]
[EventRounds "5"]
[EventCountry "ENG"]
[Source "lmi"]
[SourceDate "2010.01.31"]

1. Nc3 g6 2. d4 Bg7 3. e4 d6 4. Be3 c6 5. Qd2 Nd7 6. h4 h5 7. Nh3 b5 8. Ng5 Nb6
9. b3 a6 10. Rd1 Qc7 11. Ne2 Bb7 12. c3 Nf6 13. f3 O-O 14. Nf4 c5 15. d5 Nh7
16. g4 b4 17. cxb4 cxb4 18. Ne2 Nd7 19. gxh5 Ne5 20. Kf2 Nxg5 21. hxg5 f5 22.
Bh3 Ng4+ 23. Kg2 Bc3 24. Qc1 Bc8 25. hxg6 Qa5 26. a4 Ne5 27. Nxc3 bxc3 28. Bd4
Qb4 29. Bxf5 Bxf5 30. exf5 Rxf5 31. Rh3 Nxg6 32. Qc2 Raf8 33. Bxc3 Rxg5+ 34.
Kh1 Qf4 35. Qe2 Ne5 0-1

[Event "Gibtelecom Festival 2010 - Challenger 2"]
[Site "Gibraltar ENG"]
[Date "2010.02.01"]
[Round "2.22"]
[White "Mikalsen, Erlend"]
[Black "Urbina Perez, Juan Antonio"]
[Result "1/2-1/2"]
[WhiteElo "1973"]
[BlackElo "2197"]
[PlyCount "78"]
[EventDate "2010.01.31"]
[EventType "swiss"]
[EventRounds "5"]
[EventCountry "ENG"]
[Source "lmi"]
[SourceDate "2010.01.31"]

1. e4 e6 2. d4 d5 3. Nc3 Bb4 4. e5 c5 5. a3 Bxc3+ 6. bxc3 Qc7 7. Bd2 Nc6 8. Bb5
Nge7 9. f4 O-O 10. Nf3 Na5 11. Bd3 h6 12. g4 Nc4 13. h4 Bd7 14. h5 Rac8 15. Rg1
cxd4 16. cxd4 Nxd2 17. Kxd2 Qc3+ 18. Ke3 Kh8 19. Qe2 Ba4 20. Rac1 Bb5 21. Kf2
Bxd3 22. Qxd3 Rc7 23. Ne1 Rfc8 24. Rb1 Qxd3 25. cxd3 b6 26. Ke3 Rc3 27. Ra1 Nc6
28. Nf3 Na5 29. Nd2 Rc2 30. f5 Kg8 31. fxe6 fxe6 32. g5 hxg5 33. Rxg5 Rxd2 34.
Rag1 Rh2 35. Rxg7+ Kh8 36. R1g5 Nc6 37. R7g6 Kh7 38. Rg7+ Kh8 39. R7g6 Kh7
1/2-1/2